<?xml version="1.0" encoding="UTF-8"?>
<record
    xmlns:xsi="http://www.w3.org/2001/XMLSchema-instance"
    xsi:schemaLocation="http://www.loc.gov/MARC21/slim http://www.loc.gov/standards/marcxml/schema/MARC21slim.xsd"
    xmlns="http://www.loc.gov/MARC21/slim">

  <leader>00753nam a22002177a 4500</leader>
  <controlfield tag="003">0</controlfield>
  <controlfield tag="005">20160609171203.0</controlfield>
  <controlfield tag="008">121212t        xxu||||| |||| 00| 0 eng d</controlfield>
  <datafield tag="020" ind1=" " ind2=" ">
    <subfield code="a">978-94-6173-412-9</subfield>
  </datafield>
  <datafield tag="040" ind1=" " ind2=" ">
    <subfield code="a">BUAC</subfield>
    <subfield code="c">BIDOC</subfield>
    <subfield code="b">Fre.</subfield>
  </datafield>
  <datafield tag="041" ind1=" " ind2=" ">
    <subfield code="a">Eng</subfield>
  </datafield>
  <datafield tag="100" ind1=" " ind2=" ">
    <subfield code="a">Vihotogb&#xE9;, Romaric</subfield>
    <subfield code="9">21928</subfield>
  </datafield>
  <datafield tag="245" ind1=" " ind2=" ">
    <subfield code="a">Characterization of african bush mango trees with emphasis on the differences between sweet and bitter trees in the Dahomey Gap (West Africa)</subfield>
    <subfield code="c">/Romaric Vihotogb&#xE9;</subfield>
  </datafield>
  <datafield tag="260" ind1=" " ind2=" ">
    <subfield code="a">Wageningen</subfield>
    <subfield code="b">Ed. Wageningen University</subfield>
    <subfield code="c"> 2012</subfield>
  </datafield>
  <datafield tag="300" ind1=" " ind2=" ">
    <subfield code="a">189 p.</subfield>
    <subfield code="c">25 cm.</subfield>
  </datafield>
  <datafield tag="500" ind1=" " ind2=" ">
    <subfield code="a">Th. doct. : Agro : Wageningen Univ. : 2012</subfield>
  </datafield>
  <datafield tag="630" ind1=" " ind2=" ">
    <subfield code="a">SCIENCES APPLIQUEES</subfield>
    <subfield code="9">24258</subfield>
  </datafield>
  <datafield tag="650" ind1=" " ind2=" ">
    <subfield code="a">Fruitier : mangue : B&#xE9;nin</subfield>
    <subfield code="9">24259</subfield>
  </datafield>
  <datafield tag="653" ind1=" " ind2=" ">
    <subfield code="a">Manguier</subfield>
  </datafield>
  <datafield tag="942" ind1=" " ind2=" ">
    <subfield code="c">THE</subfield>
  </datafield>
  <datafield tag="999" ind1=" " ind2=" ">
    <subfield code="c">50365</subfield>
    <subfield code="d">50365</subfield>
  </datafield>
  <datafield tag="952" ind1=" " ind2=" ">
    <subfield code="0">0</subfield>
    <subfield code="1">0</subfield>
    <subfield code="4">0</subfield>
    <subfield code="7">0</subfield>
    <subfield code="a">BIDOC</subfield>
    <subfield code="b">BIDOC</subfield>
    <subfield code="d">2012-12-12</subfield>
    <subfield code="l">0</subfield>
    <subfield code="o">T.AGE.2012.001a</subfield>
    <subfield code="p">A.11927BIDOC</subfield>
    <subfield code="r">2012-12-12 00:00:00</subfield>
    <subfield code="t">01</subfield>
    <subfield code="w">2012-12-12</subfield>
    <subfield code="y">THE</subfield>
  </datafield>
  <datafield tag="952" ind1=" " ind2=" ">
    <subfield code="0">0</subfield>
    <subfield code="1">0</subfield>
    <subfield code="4">0</subfield>
    <subfield code="7">0</subfield>
    <subfield code="a">BIDOC</subfield>
    <subfield code="b">BIDOC</subfield>
    <subfield code="d">2012-12-12</subfield>
    <subfield code="l">0</subfield>
    <subfield code="o">T.AGE.2012</subfield>
    <subfield code="p">A.11928BIDOC</subfield>
    <subfield code="r">2012-12-12 00:00:00</subfield>
    <subfield code="t">01</subfield>
    <subfield code="w">2012-12-12</subfield>
    <subfield code="y">THE</subfield>
  </datafield>
  <datafield tag="952" ind1=" " ind2=" ">
    <subfield code="0">0</subfield>
    <subfield code="1">0</subfield>
    <subfield code="4">0</subfield>
    <subfield code="7">0</subfield>
    <subfield code="a">BUAC</subfield>
    <subfield code="b">BUAC</subfield>
    <subfield code="d">2013-04-17</subfield>
    <subfield code="e">Don de l'auteur</subfield>
    <subfield code="l">0</subfield>
    <subfield code="o">581.47(668) VIH</subfield>
    <subfield code="p">12-*078Buc</subfield>
    <subfield code="r">2013-05-02 00:00:00</subfield>
    <subfield code="t">1</subfield>
    <subfield code="w">2013-05-02</subfield>
    <subfield code="y">THE</subfield>
  </datafield>
  <datafield tag="952" ind1=" " ind2=" ">
    <subfield code="0">0</subfield>
    <subfield code="1">0</subfield>
    <subfield code="4">0</subfield>
    <subfield code="7">0</subfield>
    <subfield code="a">BUAC</subfield>
    <subfield code="b">BUAC</subfield>
    <subfield code="d">2013-04-17</subfield>
    <subfield code="e">Don de l'auteur</subfield>
    <subfield code="l">0</subfield>
    <subfield code="o">581.47(668) VIH</subfield>
    <subfield code="p">12-*079Buc</subfield>
    <subfield code="r">2013-05-02 00:00:00</subfield>
    <subfield code="t">2</subfield>
    <subfield code="w">2013-05-02</subfield>
    <subfield code="y">THE</subfield>
  </datafield>
</record>
